Description d'affiches de films #1 - Statistiques

Statistiques générales
  • Ce quiz a été pris 6 720 fois
    4 637 depuis la dernière actualisation
  • Le résultat moyen est 7 sur 18
Statistiques - réponses
Description Film % Correct
Un homme au regard fou casse une porte à l'aide d'une hache. Shining
91%
Un homme tient un savon rose dans sa main. Fight Club
79%
Le visage d'une femme. Un papillon couvre sa bouche. Le Silence des Agneaux
70%
Sur un fond noir, une lumière verte sort d'un étrange œuf fendu. Alien, le huitième passager
55%
3 hommes et 1 femme sont habillés en cuir noir. Ils portent des lunettes de soleil et des armes à feu. Matrix
55%
Une femme en robe noire est allongée sur un lit.Elle fume une cigarette, la main gauche posée sur un livre. Pulp Fiction
55%
Un facteur à vélo et un homme en costume sont hilares. Bienvenue chez les Ch'tis
48%
De nombreux hélicoptères survolent une rivière, le soleil en arrière plan. Apocalypse Now
38%
Une femme tient une rose près de son nombril. American Beauty
33%
Un jeune homme est assis sur le toit d'un bus blanc et vert. Into the Wild
27%
Sur un fond vert, une jeune femme brune au regard espiègle sourit. Le Fabuleux Destin d'Amélie Poulain
27%
7 enfants sont suspendus à une stalactite. Les Goonies
27%
Deux petites pattes sortent d'une boîte en carton, tenue par un jeune homme. Gremlins
26%
Un jeune homme en gilet orange sort d'une voiture. Il regarde sa montre avec étonnement. Retour vers le futur
26%
Un œil injecté de sang, en gros plan. Requiem For A Dream
25%
Une vieille dame joue de la guitare avec un balai. Madame Doubtfire
23%
Un homme barbu hurle. Il porte un slip et tient une lance dans sa main. 300
21%
Une femme sourit. Un homme la porte sur son épaule. Elle lui cache le visage. Barbie
4%
Aucun quiz correspondant
Distribution des résultats
% des personnes avec chaque résultat
Percentile par nombre de réponses
Votre historique - résultats
Vous n’avez pas pris ce quiz depuis la dernière actualisation